000 01428nam a2200337 i 4500
003 EG-GICUC
005 20260121101545.0
008 251229s1982 ua ||||fr|||| 00| 0 ara d
040 _a EG-GICUC
_bara
_c EG-GICUC
_d EG-GICUC
_erda
041 0 _aara
082 0 4 _221
_a345.411
_bح م . أ
092 0 4 _221
099 _aLaw1 07 345.411 ح م . أ 2 ed - 1982
100 0 _aحمدى امين عبد الهادي
_eمؤلف.
245 1 0 _aإدارة شئون موظفي الدولة :
_bأصولها وأساليبها /
_cدكتور حمدى امين عبد الهادي.
246 3 1 _aPublic personnel administration principles & Methods
250 _aالطبعة الثانية - منقحة ومزيدة
264 1 _aالقاهرة :
_bدار الفكر العربي،
_c1982.
300 _a325 ؛ صفحة
_c24 سم.
_bإيضاحيات، صور، مثيليات ؛
336 _2rda content
_atext
337 _2rda media
_aComputer
338 _2rda carrier
_aOnline Resource
504 _a. 240-220 ببليوجرافيا: صفحات.
546 _aالنص أغلبه باللغة العربية مع بعض النصوص الإنجليزية
650 1 4 _aترتيب الوظائف العامة وتوصيفها
_2qrmak
650 1 4 _aالقانون الإداري
_2qrmak
651 1 _2qrmak
856 4 0 _uhttps://fll.law.cu.edu.eg/fulltext/bks/B07-02267.pdf
905 _a77
942 _2ddc
_cBK
_e21
_n0
999 _c52951
_d52951